Magyarországi szállodák vagyoni, jövedelmi és pénzügyi helyzetének elemzése

Bibliográfiai részletek
Szerző: Kovács Gabriella
További közreműködők: Juhász Dr. László
Dokumentumtípus: Diplomadolgozat
Kulcsszavak:jövedelelmezőség
szálloda
pénzügyi helyzet
beszámoló elemzés
szállodabefektetés
Online Access:http://dolgozattar.uni-bge.hu/2237

MARC

LEADER 00000nta a2200000 i 4500
001 dolg2237
005 20150910170521.0
008 150507suuuu hu om 000 hun d
040 |a BGE Dolgozattár Repozitórium  |b hun 
041 |a hu 
100 1 |a Kovács Gabriella 
245 1 0 |a Magyarországi szállodák vagyoni, jövedelmi és pénzügyi helyzetének elemzése  |c Kovács Gabriella  |h [elektronikus dokumentum] 
695 |a jövedelelmezőség 
695 |a szálloda 
695 |a pénzügyi helyzet 
695 |a beszámoló elemzés 
695 |a szállodabefektetés 
700 1 |a Juhász Dr. László  |e ths 
856 4 0 |u http://dolgozattar.uni-bge.hu/2237/1/Szakdolgozat-Kov%C3%A1cs%20Gabriella.pdf  |z Dokumentum-elérés